| 000 | 01028namaa2200241 i 4500 | ||
|---|---|---|---|
| 001 | 173975 | ||
| 003 | ES-MaACL | ||
| 005 | 20230906215415.0 | ||
| 008 | 100204s1899 sp |||| | spa d | ||
| 100 | 1 |
_aÁlvarez Quintero, Serafín, _d1871-1938 _9226443 |
|
| 245 | 1 | 3 |
_aLa buena sombra _b: sainete en tres cuadros y en prosa / _cde Serafín y Joaquín Álvarez Quintero ; con música del maestro Brull. |
| 250 | _a3ª ed. | ||
| 260 |
_aMadrid : _bFlorencio Fiscowich, _c1899 ( _fImp. R. Velasco) |
||
| 300 |
_a45 p. ; _c18 cm. |
||
| 500 | _aDedicado a Julián Romea. | ||
| 500 | _aEn port.: Estrenado en el teatro de la Zarzuela el 4 de marzo de 1898. | ||
| 500 | _aSolo la letra. | ||
| 520 | 1 | _aLa acción transcurre en Sevilla. | |
| 700 | 1 |
_aÁlvarez Quintero, Joaquín, _d1873-1944 _920922 |
|
| 700 | 1 |
_aBrull, Apolinar. _9126198 |
|
| 852 |
_aES-MaACL _jF-8636(9) _z.- Enc. pasta española _z.- Enc. en un vol. facticio formando parte de la col. facticia "Teatro español moderno", vol. 91 |
||
| 999 |
_c173975 _d173975 |
||